000 00602nam a2200193Ia 4500
005 20250508153900.0
008 008 250505s9999 xx 000 0 fre d
037 _aBooks to be hide in OPAC
040 _aFEDL
_beng
_cFEDL
041 _afre
_2eng
084 _a371.21, LAD/O
_qFEDL
245 0 _aL' admission aux E' coles secondaires
260 _aGeneva, Switzerland
_bBureau International D'Education
_c1934
300 _a222p
490 _aPublications Du Bureau International D'ducation; 34
546 _aWeeded out
942 _cHB
_h371.21, LAD/O
999 _c1346117
_d1346117